La structure financière de l'industrie Américaine

Tallennettuna:
Bibliografiset tiedot
Päätekijä: Bartoli, Henri
Aineistotyyppi: Kirja
Kieli:Undetermined
Julkaistu: Paris Éditions Cujas 1970
Aiheet:
Tagit: Lisää tagi
Ei tageja, Lisää ensimmäinen tagi!
Thư viện lưu trữ: Trung tâm Học liệu Trường Đại học Cần Thơ
LEADER 00509nam a2200193Ia 4500
001 CTU_86150
008 210402s9999 xx 000 0 und d
082 |a 658.1 
082 |b B292 
100 |a Bartoli, Henri 
245 0 |a La structure financière de l'industrie Américaine 
245 0 |c Henri Bartoli 
260 |a Paris 
260 |b Éditions Cujas 
260 |c 1970 
650 |a Corporations 
650 |x Finance 
904 |i Năm 
980 |a Trung tâm Học liệu Trường Đại học Cần Thơ